[Event "WCO2014"]
[Site "Tromso"]
[Date "2014.08.06"]
[Round "5.26"]
[WhiteID "921629"]
[White "Perunovic Milos"]
[BlackID "13400924"]
[Black "Radjabov Teimour"]
[Result "1-0"]
[LiveChessVersion "1.4.3"]
[BlackElo "2724"]
[WhiteElo "2602"]

1. e4 {[%clk 1:30:57]} e5 {[%clk 1:30:52]} 2. Nf3 {[%clk 1:31:16]} Nc6
{[%clk 1:31:10]} 3. Bb5 {[%clk 1:31:24]} f5 {[%clk 1:31:24]} 4. d3
{[%clk 1:29:15]} fxe4 {[%clk 1:31:34]} 5. dxe4 {[%clk 1:29:38]} Nf6
{[%clk 1:31:38]} 6. O-O {[%clk 1:27:39]} d6 {[%clk 1:31:42]} 7. Nc3
{[%clk 1:24:13]} Be7 {[%clk 1:31:29]} 8. Be3 {[%clk 1:20:51]} a6 {[%clk 1:20:27]}
9. Be2 {[%clk 1:13:13]} Bg4 {[%clk 0:59:08]} 10. h3 {[%clk 1:00:25]} Bh5
{[%clk 0:54:20]} 11. Ng5 {[%clk 0:41:24]} Bxe2 {[%clk 0:53:48]} 12. Qxe2
{[%clk 0:41:33]} Qd7 {[%clk 0:53:38]} 13. Qc4 {[%clk 0:41:47]} Nd8
{[%clk 0:44:46]} 14. f4 {[%clk 0:39:04]} exf4 {[%clk 0:26:23]} 15. Bxf4
{[%clk 0:35:57]} Qc6 {[%clk 0:20:36]} 16. Qd3 {[%clk 0:19:08]} h6
{[%clk 0:18:49]} 17. Nf3 {[%clk 0:19:02]} Ne6 {[%clk 0:18:02]} 18. Be3
{[%clk 0:18:56]} O-O {[%clk 0:13:38]} 19. Nh4 {[%clk 0:16:49]} Nc5
{[%clk 0:07:12]} 20. Ng6 {[%clk 0:12:58]} Rf7 {[%clk 0:06:16]} 21. Qc4
{[%clk 0:13:16]} Re8 {[%clk 0:05:36]} 22. e5 {[%clk 0:07:58]} dxe5
{[%clk 0:04:28]} 23. Nxe7+ {[%clk 0:08:08]} Rexe7 {[%clk 0:04:53]} 24. Qxc5
{[%clk 0:08:31]} Qe6 {[%clk 0:05:19]} 25. Rad1 {[%clk 0:08:37]} Kh7
{[%clk 0:05:33]} 26. Nd5 {[%clk 0:07:40]} Ne4 {[%clk 0:05:44]} 27. Qc4
{[%clk 0:05:59]} Ng3 {[%clk 0:05:12]} 28. Rxf7 {[%clk 0:06:07]} Rxf7
{[%clk 0:05:38]} 29. Bf2 {[%clk 0:05:33]} Nf5 {[%clk 0:06:02]} 30. Ne3
{[%clk 0:04:40]} Qg6 {[%clk 0:05:54]} 31. Nxf5 {[%clk 0:04:39]} Qxf5
{[%clk 0:06:21]} 32. Bg3 1-0

[Event "WCO2014"]
[Site "Tromso"]
[Date "2014.08.06"]
[Round "5.22"]
[WhiteID "6100678"]
[White "Ortiz Marcos"]
[BlackID "1204297"]
[Black "Parligras Mircea-Emilian"]
[Result "1-0"]
[LiveChessVersion "1.4.3"]
[BlackElo "2574"]
[WhiteElo "2214"]

1. e4 {[%clk 1:30:54]} c6 {[%clk 1:30:51]} 2. d4 {[%clk 1:31:12]} d5
{[%clk 1:31:16]} 3. e5 {[%clk 1:31:33]} Bf5 {[%clk 1:31:38]} 4. Nc3
{[%clk 1:31:53]} e6 {[%clk 1:31:40]} 5. g4 {[%clk 1:32:18]} Bg6 {[%clk 1:32:05]}
6. Nge2 {[%clk 1:32:44]} c5 {[%clk 1:32:17]} 7. h4 {[%clk 1:33:02]} h5
{[%clk 1:32:35]} 8. Nf4 {[%clk 1:33:23]} Bh7 {[%clk 1:32:29]} 9. Nxh5
{[%clk 1:33:30]} cxd4 {[%clk 1:32:10]} 10. Qxd4 {[%clk 1:33:43]} Nc6
{[%clk 1:32:27]} 11. Bb5 {[%clk 1:34:04]} Nge7 {[%clk 1:32:45]} 12. Bg5
{[%clk 1:34:06]} a6 {[%clk 1:32:31]} 13. Bxe7 {[%clk 1:28:08]} axb5
{[%clk 1:31:22]} 14. Bxd8 {[%clk 1:26:34]} Nxd4 {[%clk 1:31:36]} 15. O-O-O
{[%clk 1:25:34]} Nxc2 {[%clk 1:10:54]} 16. Bf6 {[%clk 1:11:58]} Nb4
{[%clk 1:10:15]} 17. Nxg7+ {[%clk 1:07:30]} Bxg7 {[%clk 1:10:36]} 18. Bxg7
{[%clk 1:07:55]} Rg8 {[%clk 1:10:59]} 19. Bf6 {[%clk 1:06:39]} Kd7
{[%clk 0:46:55]} 20. a3 {[%clk 0:45:30]} Nd3+ {[%clk 0:46:56]} 21. Rxd3
{[%clk 0:45:55]} Bxd3 {[%clk 0:47:21]} 22. Kd2 {[%clk 0:46:22]} Bh7
{[%clk 0:46:22]} 23. Nxb5 {[%clk 0:41:32]} Rac8 {[%clk 0:46:21]} 24. f3
{[%clk 0:14:36]} Rc2+ {[%clk 0:46:29]} 25. Ke3 {[%clk 0:15:02]} Rxb2
{[%clk 0:46:32]} 26. Nd6 {[%clk 0:15:16]} Ra8 {[%clk 0:46:25]} 27. Rc1
{[%clk 0:09:42]} Rxa3+ {[%clk 0:40:17]} 28. Kf4 {[%clk 0:09:57]} d4
{[%clk 0:32:57]} 29. Nxf7 {[%clk 0:08:10]} d3 {[%clk 0:32:43]} 30. Bd8
{[%clk 0:06:46]} d2 {[%clk 0:27:36]} 31. Rc7+ {[%clk 0:07:07]} Ke8
{[%clk 0:28:02]} 32. Re7+ {[%clk 0:07:31]} Kf8 {[%clk 0:28:26]} 33. Nd6
{[%clk 0:03:19]} Bg6 {[%clk 0:14:04]} 34. Kg5 {[%clk 0:01:30]} Rb6
{[%clk 0:13:06]} 35. Kxg6 {[%clk 0:01:10]} Rxd6 {[%clk 0:13:31]} 36. exd6
{[%clk 0:01:29]} d1=Q {[%clk 0:13:56]} 37. d7 {[%clk 0:00:56]} Qc2+
{[%clk 0:06:57]} 38. Kh6 {[%clk 0:01:17]} Ra8 {[%clk 0:06:52]} 39. Re8+
{[%clk 0:01:27]} Kf7 {[%clk 0:07:17]} 40. Re7+ {[%clk 0:00:40]} Kf6
{[%clk 0:07:21]} 41. g5+ {[%clk 0:00:38]} Ke5 {[%clk 0:07:37]} 42. Re8
{[%clk 0:00:53]} Kd6 {[%clk 0:04:20]} 43. Bf6 {[%clk 0:30:34]} Kxd7
{[%clk 0:34:50]} 44. Rxa8 {[%clk 0:31:00]} e5 {[%clk 0:31:09]} 45. g6
{[%clk 0:30:17]} Qc6 {[%clk 0:30:32]} 46. Rf8 {[%clk 0:26:48]} 1-0

[Event "WCO2014"]
[Site "Tromso"]
[Date "2014.08.06"]
[Round "5.38"]
[WhiteID "7103743"]
[White "Ali Lutfi Muhammad"]
[BlackID "2100029"]
[Black "Milos Gilberto"]
[Result "1/2-1/2"]
[LiveChessVersion "1.4.3"]
[BlackElo "2583"]
[WhiteElo "2339"]

1. e4 {[%clk 1:30:57]} e5 {[%clk 1:30:53]} 2. Nf3 {[%clk 1:31:17]} Nc6
{[%clk 1:31:18]} 3. Bb5 {[%clk 1:29:54]} a6 {[%clk 1:31:38]} 4. Ba4
{[%clk 1:30:19]} Nf6 {[%clk 1:32:03]} 5. O-O {[%clk 1:30:23]} Be7
{[%clk 1:32:16]} 6. Re1 {[%clk 1:29:44]} b5 {[%clk 1:32:36]} 7. Bb3
{[%clk 1:30:11]} d6 {[%clk 1:32:54]} 8. c3 {[%clk 1:29:55]} O-O {[%clk 1:33:16]}
9. h3 {[%clk 1:29:29]} Na5 {[%clk 1:33:35]} 10. Bc2 {[%clk 1:29:50]} c5
{[%clk 1:34:00]} 11. d4 {[%clk 1:26:24]} Qc7 {[%clk 1:34:16]} 12. Nbd2
{[%clk 1:25:13]} cxd4 {[%clk 1:34:34]} 13. cxd4 {[%clk 1:25:39]} Rd8
{[%clk 1:34:57]} 14. d5 {[%clk 1:15:13]} Nb7 {[%clk 1:34:40]} 15. Nf1
{[%clk 1:00:28]} a5 {[%clk 1:33:49]} 16. Be3 {[%clk 0:49:05]} Bd7
{[%clk 1:33:52]} 17. Rc1 {[%clk 0:47:43]} Nc5 {[%clk 1:33:37]} 18. Ng3
{[%clk 0:46:55]} Rdc8 {[%clk 1:33:49]} 19. Bb1 {[%clk 0:43:49]} Qa7
{[%clk 1:24:37]} 20. Nh2 {[%clk 0:26:12]} Bd8 {[%clk 1:24:53]} 21. Qf3
{[%clk 0:26:00]} Bb6 {[%clk 1:22:48]} 22. Bg5 {[%clk 0:25:47]} Ne8
{[%clk 1:21:06]} 23. Ng4 {[%clk 0:24:26]} Bxg4 {[%clk 1:09:39]} 24. Qxg4
{[%clk 0:22:59]} g6 {[%clk 1:07:39]} 25. h4 {[%clk 0:18:02]} Nd7 {[%clk 0:57:59]}
26. Qe2 {[%clk 0:18:05]} Bd4 {[%clk 0:52:42]} 27. Bd3 {[%clk 0:17:30]} b4
{[%clk 0:47:27]} 28. Bb5 {[%clk 0:17:10]} Rxc1 {[%clk 0:44:33]} 29. Rxc1
{[%clk 0:17:13]} Nc5 {[%clk 0:44:59]} 30. Kh2 {[%clk 0:13:02]} Rb8
{[%clk 0:39:43]} 31. Bc6 {[%clk 0:13:17]} b3 {[%clk 0:39:16]} 32. a4
{[%clk 0:11:25]} Qa6 {[%clk 0:26:36]} 33. Bb5 {[%clk 0:11:33]} Qc8
{[%clk 0:26:57]} 34. Rd1 {[%clk 0:10:33]} Nc7 {[%clk 0:23:26]} 35. Bc6
{[%clk 0:10:24]} Qf8 {[%clk 0:23:51]} 36. Qd2 {[%clk 0:05:04]} Ne8
{[%clk 0:22:37]} 37. Qxa5 {[%clk 0:03:53]} Bxf2 {[%clk 0:18:51]} 38. Qa7
{[%clk 0:01:54]} Bxg3+ {[%clk 0:13:00]} 39. Kxg3 {[%clk 0:02:21]} Nxe4+
{[%clk 0:13:13]} 40. Kh2 {[%clk 0:01:36]} N8f6 {[%clk 0:13:18]} 41. Rf1
{[%clk 0:23:28]} Ng4+ {[%clk 0:18:21]} 42. Kg1 {[%clk 0:23:54]} Rb4
{[%clk 0:16:42]} 43. Be7 {[%clk 0:20:46]} Ng3 {[%clk 0:14:14]} 44. Re1
{[%clk 0:16:22]} Rc4 {[%clk 0:07:24]} 45. Bxf8 {[%clk 0:13:45]} Ne2+
{[%clk 0:07:46]} 46. Kh1 {[%clk 0:14:13]} Ng3+ {[%clk 0:08:06]} 47. Kg1
{[%clk 0:14:41]} 1/2-1/2

[Event "WCO2014"]
[Site "Tromso"]
[Date "2014.08.06"]
[Round "5.46"]
[WhiteID "3702308"]
[White "Vazquez Guillermo"]
[BlackID "4400704"]
[Black "Ruiz C Joshua D"]
[Result "1-0"]
[LiveChessVersion "1.4.3"]
[BlackElo "2382"]
[WhiteElo "2323"]

1. e4 {[%clk 1:30:52]} c5 {[%clk 1:30:55]} 2. Nf3 {[%clk 1:30:33]} d6
{[%clk 1:31:19]} 3. Bb5+ {[%clk 1:30:18]} Nd7 {[%clk 1:31:22]} 4. O-O
{[%clk 1:29:47]} Ngf6 {[%clk 1:31:18]} 5. Re1 {[%clk 1:29:05]} a6
{[%clk 1:31:41]} 6. Bd3 {[%clk 1:27:03]} g6 {[%clk 1:29:29]} 7. c3
{[%clk 1:27:18]} Ne5 {[%clk 1:29:48]} 8. Nxe5 {[%clk 1:24:06]} dxe5
{[%clk 1:30:14]} 9. Bc2 {[%clk 1:24:08]} Bg7 {[%clk 1:30:38]} 10. d3
{[%clk 1:22:32]} O-O {[%clk 1:29:26]} 11. a4 {[%clk 1:10:45]} b6 {[%clk 1:26:46]}
12. Na3 {[%clk 1:08:14]} Ne8 {[%clk 1:19:58]} 13. Be3 {[%clk 0:59:37]} Qc7
{[%clk 1:19:59]} 14. b4 {[%clk 0:58:26]} cxb4 {[%clk 1:19:00]} 15. cxb4
{[%clk 0:58:30]} Be6 {[%clk 1:15:28]} 16. Bb3 {[%clk 0:52:44]} Bxb3
{[%clk 1:13:15]} 17. Qxb3 {[%clk 0:53:08]} Nd6 {[%clk 1:13:33]} 18. Rec1
{[%clk 0:45:54]} Qb7 {[%clk 1:13:45]} 19. b5 {[%clk 0:45:35]} Rfc8
{[%clk 1:12:29]} 20. h3 {[%clk 0:43:07]} h5 {[%clk 1:09:21]} 21. Rxc8+
{[%clk 0:31:52]} Nxc8 {[%clk 1:05:38]} 22. Rc1 {[%clk 0:31:37]} Nd6
{[%clk 1:04:39]} 23. Nc4 {[%clk 0:21:52]} axb5 {[%clk 0:55:45]} 24. axb5
{[%clk 0:20:09]} Nc8 {[%clk 0:52:18]} 25. Nd2 {[%clk 0:19:44]} Na7
{[%clk 0:51:05]} 26. Ra1 {[%clk 0:17:30]} Rd8 {[%clk 0:44:33]} 27. Nc4
{[%clk 0:17:44]} Nc8 {[%clk 0:44:01]} 28. Ra6 {[%clk 0:13:26]} Qd7
{[%clk 0:43:23]} 29. Nxb6 {[%clk 0:11:21]} Nxb6 {[%clk 0:43:40]} 30. Rxb6
{[%clk 0:11:49]} Qxd3 {[%clk 0:43:25]} 31. Qxd3 {[%clk 0:12:18]} Rxd3
{[%clk 0:43:47]} 32. Rb7 {[%clk 0:11:55]} Rb3 {[%clk 0:39:37]} 33. b6
{[%clk 0:12:21]} f5 {[%clk 0:40:06]} 34. Rc7 {[%clk 0:10:38]} f4 {[%clk 0:40:28]}
35. Bc5 {[%clk 0:11:02]} 1-0

[Event "WCO2014"]
[Site "Tromso"]
[Date "2014.08.06"]
[Round "5.45"]
[WhiteID "4404025"]
[White "Martinez Romero Martin"]
[BlackID "3701107"]
[Black "Latorre Matias"]
[Result "1-0"]
[LiveChessVersion "1.4.3"]
[BlackElo "2277"]
[WhiteElo "2387"]

1. e4 {[%clk 1:30:56]} e6 {[%clk 1:30:46]} 2. d4 {[%clk 1:31:05]} d5
{[%clk 1:31:11]} 3. Nc3 {[%clk 1:31:24]} Bb4 {[%clk 1:31:36]} 4. exd5
{[%clk 1:30:20]} exd5 {[%clk 1:31:58]} 5. Bd3 {[%clk 1:30:41]} Nc6
{[%clk 1:31:44]} 6. Nge2 {[%clk 1:28:14]} Nge7 {[%clk 1:29:24]} 7. O-O
{[%clk 1:26:00]} Bf5 {[%clk 1:20:25]} 8. Bxf5 {[%clk 1:23:54]} Nxf5
{[%clk 1:19:47]} 9. Qd3 {[%clk 1:23:39]} Qd7 {[%clk 1:17:22]} 10. Bf4
{[%clk 1:20:40]} O-O-O {[%clk 0:51:41]} 11. Nb5 {[%clk 0:58:04]} Bd6
{[%clk 0:46:02]} 12. Nxd6+ {[%clk 0:44:09]} Nxd6 {[%clk 0:46:27]} 13. Ng3
{[%clk 0:43:08]} Qg4 {[%clk 0:37:45]} 14. Bxd6 {[%clk 0:42:02]} Rxd6
{[%clk 0:35:22]} 15. c3 {[%clk 0:42:24]} Qg6 {[%clk 0:30:53]} 16. Qf3
{[%clk 0:38:41]} Re8 {[%clk 0:26:17]} 17. h3 {[%clk 0:34:31]} Nd8
{[%clk 0:15:41]} 18. Rae1 {[%clk 0:29:38]} Rxe1 {[%clk 0:15:10]} 19. Rxe1
{[%clk 0:30:07]} Re6 {[%clk 0:15:20]} 20. Rc1 {[%clk 0:26:37]} Qg5
{[%clk 0:15:07]} 21. Rf1 {[%clk 0:23:13]} Rf6 {[%clk 0:07:22]} 22. Qd3
{[%clk 0:23:19]} Qg6 {[%clk 0:07:15]} 23. Qb5 {[%clk 0:22:07]} Rd6
{[%clk 0:06:28]} 24. Qe2 {[%clk 0:19:39]} Qe6 {[%clk 0:06:20]} 25. Qf3
{[%clk 0:19:56]} g6 {[%clk 0:06:32]} 26. Qf4 {[%clk 0:18:31]} h5 {[%clk 0:06:13]}
27. Qd2 {[%clk 0:19:00]} h4 {[%clk 0:05:48]} 28. Ne2 Qf5 {[%clk 0:06:00]} 29. Nf4
{[%clk 0:18:27]} Qg5 {[%clk 0:04:10]} 30. Qe3 {[%clk 0:18:39]} Rf6
{[%clk 0:03:45]} 31. Nd3 {[%clk 0:19:04]} Qxe3 {[%clk 0:02:05]} 32. fxe3
{[%clk 0:19:33]} Rxf1+ {[%clk 0:02:29]} 33. Kxf1 {[%clk 0:19:58]} Kd7
{[%clk 0:02:16]} 34. Ne5+ {[%clk 0:20:06]} Ke7 {[%clk 0:01:45]} 35. Nf3
{[%clk 0:20:28]} Ne6 36. Nxh4 {[%clk 0:20:43]} Ng5 {[%clk 0:01:59]} 37. Nf3
{[%clk 0:20:14]} Ne4 {[%clk 0:02:07]} 38. Ke2 {[%clk 0:20:25]} Kf6
{[%clk 0:01:05]} 39. Nd2 {[%clk 0:19:58]} Nd6 {[%clk 0:01:26]} 40. Kf3
{[%clk 0:20:14]} Kf5 {[%clk 0:01:39]} 41. h4 {[%clk 0:19:38]} Ke6
{[%clk 0:01:08]} 42. e4 {[%clk 0:19:13]} c6 {[%clk 0:01:21]} 43. g4
{[%clk 0:18:41]} f6 {[%clk 0:01:32]} 44. Kf4 {[%clk 0:18:13]} Nf7
{[%clk 0:01:25]} 45. g5 {[%clk 0:16:33]} fxg5+ {[%clk 0:01:28]} 46. hxg5
{[%clk 0:17:02]} Nd6 {[%clk 0:01:37]} 47. exd5+ {[%clk 0:17:16]} Kxd5
{[%clk 0:01:38]} 48. Nf3 {[%clk 0:17:15]} Nf5 {[%clk 0:01:35]} 49. b3
{[%clk 0:17:13]} b5 {[%clk 0:01:58]} 50. Ne5 {[%clk 0:17:07]} Ne7
{[%clk 0:02:24]} 51. Nd3 {[%clk 0:16:20]} a5 {[%clk 0:02:44]} 52. Kf3
{[%clk 0:16:06]} Ke6 {[%clk 0:00:43]} 53. Ke4 {[%clk 0:16:05]} Nd5
{[%clk 0:00:54]} 54. Nf4+ {[%clk 0:12:16]} Kd6 {[%clk 0:01:01]} 55. Nxd5
{[%clk 0:11:50]} cxd5+ {[%clk 0:01:27]} 56. Kd3 {[%clk 0:12:01]} Ke6
{[%clk 0:29:29]} 57. c4 {[%clk 0:42:53]} bxc4+ {[%clk 0:29:53]} 58. bxc4
{[%clk 0:43:17]} 1-0

[Event "WCO2014"]
[Site "Tromso"]
[Date "2014.08.06"]
[Round "5.26"]
[WhiteID "5201381"]
[White "Gomez John Paul"]
[BlackID "3408027"]
[Black "Flores Rios Mauricio"]
[Result "1/2-1/2"]
[LiveChessVersion "1.4.3"]
[BlackElo "2537"]
[WhiteElo "2526"]

1. d4 {[%clk 1:30:56]} Nf6 {[%clk 1:30:57]} 2. c4 {[%clk 1:31:20]} g6
{[%clk 1:31:21]} 3. Nc3 {[%clk 1:31:42]} d5 {[%clk 1:31:45]} 4. Nf3
{[%clk 1:31:56]} Bg7 {[%clk 1:32:08]} 5. Qa4+ {[%clk 1:32:22]} Bd7
{[%clk 1:32:24]} 6. Qb3 {[%clk 1:32:49]} dxc4 {[%clk 1:32:43]} 7. Qxc4
{[%clk 1:33:16]} O-O {[%clk 1:33:03]} 8. Bf4 {[%clk 1:33:42]} c6 {[%clk 1:31:47]}
9. e4 {[%clk 1:32:26]} b5 {[%clk 1:32:13]} 10. Qb3 {[%clk 1:32:12]} Qa5
{[%clk 1:32:32]} 11. e5 {[%clk 1:31:47]} Be6 {[%clk 1:11:59]} 12. Qd1
{[%clk 1:31:09]} Ne4 {[%clk 1:10:01]} 13. Qc2 {[%clk 1:31:02]} Nxc3
{[%clk 1:08:50]} 14. bxc3 {[%clk 1:31:19]} Nd7 {[%clk 1:08:06]} 15. Bd3
{[%clk 1:28:52]} Bd5 {[%clk 1:05:07]} 16. Bd2 {[%clk 1:26:49]} Qc7
{[%clk 1:01:30]} 17. a4 {[%clk 1:16:47]} a6 {[%clk 0:52:12]} 18. Be4
{[%clk 1:10:53]} Nb6 {[%clk 0:50:59]} 19. h4 {[%clk 1:07:28]} Qb7
{[%clk 0:32:29]} 20. Bxd5 {[%clk 1:06:02]} cxd5 {[%clk 0:32:03]} 21. h5
{[%clk 1:03:42]} Qc6 {[%clk 0:25:07]} 22. hxg6 {[%clk 0:54:47]} fxg6
{[%clk 0:25:35]} 23. Ng5 {[%clk 0:43:58]} h6 {[%clk 0:22:50]} 24. Nf3
{[%clk 0:42:48]} Nxa4 {[%clk 0:21:11]} 25. Ra3 {[%clk 0:38:36]} Qe6
{[%clk 0:17:40]} 26. Bxh6 {[%clk 0:30:10]} Qg4 {[%clk 0:15:26]} 27. c4
{[%clk 0:23:46]} Bxh6 {[%clk 0:11:55]} 28. Rxh6 {[%clk 0:23:36]} Kg7
{[%clk 0:12:13]} 29. Nh2 {[%clk 0:21:51]} Qe4+ {[%clk 0:09:08]} 30. Qxe4
{[%clk 0:22:08]} dxe4 {[%clk 0:09:36]} 31. Ng4 {[%clk 0:20:26]} Nb2
{[%clk 0:09:12]} 32. Rah3 {[%clk 0:19:51]} Kf7 {[%clk 0:08:52]} 33. cxb5
{[%clk 0:16:48]} axb5 {[%clk 0:09:20]} 34. d5 {[%clk 0:14:33]} Nd3+
{[%clk 0:07:21]} 35. Kd2 {[%clk 0:14:52]} Nf4 {[%clk 0:07:50]} 36. e6+
{[%clk 0:14:52]} Ke8 {[%clk 0:08:18]} 37. Rb3 {[%clk 0:14:06]} Nxd5
{[%clk 0:08:05]} 38. Rxb5 {[%clk 0:13:49]} Rd8 {[%clk 0:07:38]} 1/2-1/2

[Event "WCO2014"]
[Site "Tromso"]
[Date "2014.08.06"]
[Round "5.35"]
[WhiteID "6400299"]
[White "Puntier Andujar William Staling"]
[BlackID "5800706"]
[Black "Goh Wei Ming Kevin"]
[Result "0-1"]
[LiveChessVersion "1.4.3"]
[BlackElo "2433"]
[WhiteElo "2333"]

1. e4 {[%clk 1:30:55]} e6 {[%clk 1:30:55]} 2. d4 {[%clk 1:31:14]} d5
{[%clk 1:31:20]} 3. e5 {[%clk 1:31:32]} c5 {[%clk 1:31:45]} 4. c3
{[%clk 1:31:51]} Nc6 {[%clk 1:32:11]} 5. Nf3 {[%clk 1:32:15]} Nh6
{[%clk 1:32:36]} 6. Bd3 {[%clk 1:32:29]} f6 {[%clk 1:29:46]} 7. O-O
{[%clk 1:28:58]} Nf7 {[%clk 1:29:43]} 8. Re1 {[%clk 1:26:24]} c4 {[%clk 1:22:27]}
9. Bf1 {[%clk 1:14:46]} fxe5 {[%clk 1:06:24]} 10. dxe5 {[%clk 1:15:05]} g5
{[%clk 1:00:28]} 11. b3 {[%clk 0:53:47]} cxb3 {[%clk 0:54:21]} 12. Nd4
{[%clk 0:53:37]} Bg7 {[%clk 0:50:56]} 13. Qh5 {[%clk 0:50:54]} Ncxe5
{[%clk 0:44:00]} 14. Bb5+ {[%clk 0:50:15]} Kf8 {[%clk 0:43:58]} 15. axb3
{[%clk 0:47:14]} Qf6 {[%clk 0:40:20]} 16. Nd2 {[%clk 0:29:17]} Ng6
{[%clk 0:18:01]} 17. g3 {[%clk 0:29:04]} e5 {[%clk 0:16:51]} 18. N2f3
{[%clk 0:17:37]} h6 {[%clk 0:16:01]} 19. c4 {[%clk 0:07:38]} Kg8 {[%clk 0:14:23]}
20. Nc2 {[%clk 0:06:41]} d4 {[%clk 0:06:34]} 21. Nb4 Nd6 {[%clk 0:04:38]} 22. Nd5
{[%clk 0:04:59]} Qf7 {[%clk 0:04:37]} 23. Nb6 {[%clk 0:03:53]} Rb8
{[%clk 0:02:10]} 24. Nxc8 {[%clk 0:02:55]} Rxc8 {[%clk 0:02:22]} 25. Qg4
{[%clk 0:03:01]} Rf8 {[%clk 0:01:05]} 26. Kg2 {[%clk 0:02:11]} h5
{[%clk 0:01:18]} 0-1

[Event "WCO2014"]
[Site "Tromso"]
[Date "2014.08.06"]
[Round "5.25"]
[WhiteID "14300010"]
[White "Gluckman David"]
[BlackID "11300760"]
[Black "Olebile Thato"]
[Result "0-1"]
[LiveChessVersion "1.4.3"]
[BlackElo "2144"]
[WhiteElo "2236"]

1. Nf3 {[%clk 1:30:57]} d5 {[%clk 1:30:32]} 2. c4 {[%clk 1:31:17]} e6
{[%clk 1:29:17]} 3. b3 {[%clk 1:30:56]} Nf6 {[%clk 1:29:31]} 4. g3
{[%clk 1:30:36]} b6 {[%clk 1:28:52]} 5. Bg2 {[%clk 1:30:46]} Bb7 {[%clk 1:29:17]}
6. O-O {[%clk 1:29:43]} Be7 {[%clk 1:28:57]} 7. Bb2 {[%clk 1:29:52]} O-O
{[%clk 1:28:28]} 8. e3 {[%clk 1:29:52]} c5 {[%clk 1:27:58]} 9. Nc3
{[%clk 1:22:33]} Nc6 {[%clk 1:25:17]} 10. d4 {[%clk 1:14:35]} cxd4
{[%clk 1:22:37]} 11. exd4 {[%clk 1:14:53]} dxc4 {[%clk 1:20:49]} 12. bxc4
{[%clk 1:14:47]} Na5 {[%clk 1:21:00]} 13. Ne5 {[%clk 1:11:51]} Bxg2
{[%clk 1:16:16]} 14. Kxg2 {[%clk 1:12:18]} Nd7 {[%clk 1:16:08]} 15. Qg4
{[%clk 1:07:28]} Rc8 {[%clk 1:13:27]} 16. c5 {[%clk 0:26:03]} Nf6
{[%clk 1:12:13]} 17. Qe2 {[%clk 0:25:41]} bxc5 {[%clk 1:10:25]} 18. dxc5
{[%clk 0:19:43]} Rxc5 {[%clk 1:10:27]} 19. f4 {[%clk 0:13:02]} Qc7
{[%clk 1:06:54]} 20. Rf3 {[%clk 0:13:22]} Rb8 {[%clk 1:03:45]} 21. Rd1
{[%clk 0:12:43]} Nc4 {[%clk 1:02:43]} 22. Nxc4 {[%clk 0:09:40]} Rxc4
{[%clk 1:02:56]} 23. Ba1 {[%clk 0:09:53]} Bb4 {[%clk 1:02:28]} 24. Rdd3
{[%clk 0:07:17]} Qc6 {[%clk 1:02:43]} 25. Kh3 {[%clk 0:06:56]} Rc8
{[%clk 1:02:31]} 26. Qe5 {[%clk 0:05:19]} Rc5 {[%clk 1:02:10]} 27. Qd4
{[%clk 0:03:56]} Rh5+ {[%clk 1:01:35]} 28. Kg2 {[%clk 0:04:24]} Bc5
{[%clk 1:01:28]} 29. Qa4 {[%clk 0:03:21]} Qb7 {[%clk 0:59:30]} 30. Ne2
{[%clk 0:01:56]} Ng4 {[%clk 0:59:07]} 31. h4 {[%clk 0:01:52]} Ne3+
{[%clk 0:58:47]} 32. Rdxe3 {[%clk 0:00:36]} Bxe3 {[%clk 0:59:01]} 33. g4
{[%clk 0:00:41]} Rxh4 {[%clk 0:58:56]} 34. Kg3 {[%clk 0:01:02]} Rh3+
{[%clk 0:59:20]} 35. Kxh3 {[%clk 0:01:29]} Qxf3+ {[%clk 0:59:43]} 36. Ng3
{[%clk 0:01:56]} Bxf4 {[%clk 0:59:37]} 0-1